ARRUPE JESUIT UNIVERSITY

CORONAVIRUS -STOP THE SPREAD - CLEAN,DISINFECT,COVER

Renaissance views of man / (Record no. 117826)

MARC details
000 -LEADER
fixed length control field 00780cam a2200265 i 4500
001 - CONTROL NUMBER
control field 847292
003 - CONTROL NUMBER IDENTIFIER
control field ARRUPE
005 - DATE AND TIME OF LATEST TRANSACTION
control field 20130917142000.0
008 - FIXED-LENGTH DATA ELEMENTS--GENERAL INFORMATION
fixed length control field 780905s1979 nyu b 000 0 eng
010 ## - LIBRARY OF CONGRESS CONTROL NUMBER
LC control number 78010545
020 ## - INTERNATIONAL STANDARD BOOK NUMBER
International Standard Book Number 0064916219 :
Terms of availability $17.50
040 ## - CATALOGING SOURCE
Original cataloging agency DLC
Transcribing agency DLC
Modifying agency DLC
043 ## - GEOGRAPHIC AREA CODE
Geographic area code e------
050 00 - LIBRARY OF CONGRESS CALL NUMBER
Classification number B780.M3
Item number R46 1979
082 00 - DEWEY DECIMAL CLASSIFICATION NUMBER
Classification number 128
300 ## - PHYSICAL DESCRIPTION
Dimensions 21 cm.
245 00 - TITLE STATEMENT
Title Renaissance views of man /
Statement of responsibility, etc Stevie Davies, [editor].
260 ## - PUBLICATION, DISTRIBUTION, ETC. (IMPRINT)
Place of publication, distribution, etc New York :
Name of publisher, distributor, etc Barnes & Noble,
Date of publication, distribution, etc 1979.
300 ## - PHYSICAL DESCRIPTION
Extent xi, 203 p. ;
440 #0 - SERIES STATEMENT/ADDED ENTRY--TITLE
Title Literature in context
9 (RLIN) 325
650 #0 - SUBJECT ADDED ENTRY--TOPICAL TERM
Topical term or geographic name as entry element Philosophical anthropology
General subdivision History.
9 (RLIN) 326
650 #0 - SUBJECT ADDED ENTRY--TOPICAL TERM
Topical term or geographic name as entry element Philosophy, Renaissance.
9 (RLIN) 327
700 1# - ADDED ENTRY--PERSONAL NAME
Personal name Davies, Stevie.
9 (RLIN) 328
906 ## - LOCAL DATA ELEMENT F, LDF (RLIN)
a 7
b cbc
c orignew
d 1
e ocip
f 19
g y-gencatlg
942 ## - ADDED ENTRY ELEMENTS (KOHA)
Source of classification or shelving scheme Library of Congress Classification
Koha item type Monograph ( Printed materials)
Holdings
Withdrawn status Lost status Source of classification or shelving scheme Damaged status Not for loan Collection code Home library Current library Shelving location Date acquired Total Checkouts Full call number Barcode Date last seen Price effective from Koha item type
    Library of Congress Classification     Main Collection ARRUPE LIBRARY ARRUPE LIBRARY Main Collection 17/09/2013   B780.M3 R46 1979 46406479 17/09/2013 17/09/2013 Monograph ( Printed materials)

 

Arrupe Library. PO Box MP320 Mt Pleasant, Harare, Zimbabwe
263 242 745411|librarian@aju.ac.zw